Ascent to orbit / (Record no. 183736)
[ view plain ]
| 000 -LEADER | |
|---|---|
| fixed length control field | 00935 a2200193 4500 |
| 003 - CONTROL NUMBER IDENTIFIER | |
| control field | Nust |
| 005 - DATE AND TIME OF LATEST TRANSACTION | |
| control field | 20230809100833.0 |
| 010 ## - LIBRARY OF CONGRESS CONTROL NUMBER | |
| LC control number | 83026039 |
| 020 ## - INTERNATIONAL STANDARD BOOK NUMBER | |
| International Standard Book Number | 047187910X |
| 040 ## - CATALOGING SOURCE | |
| Transcribing agency | Nust |
| 082 00 - DEWEY DECIMAL CLASSIFICATION NUMBER | |
| Classification number | 629.4,CLA |
| 100 1# - MAIN ENTRY--PERSONAL NAME | |
| Personal name | Clarke, Arthur C. |
| 9 (RLIN) | 111472 |
| 245 10 - TITLE STATEMENT | |
| Title | Ascent to orbit / |
| Remainder of title | a scientific autobiography : the technical writings of Arthur C. Clarke. |
| 260 ## - PUBLICATION, DISTRIBUTION, ETC. | |
| Place of publication, distribution, etc. | New York : |
| Name of publisher, distributor, etc. | Wiley, |
| Date of publication, distribution, etc. | 1984. |
| 300 ## - PHYSICAL DESCRIPTION | |
| Extent | viii, 226 p. : |
| Other physical details | ill. ; |
| Dimensions | 29 cm. |
| 505 ## - FORMATTED CONTENTS NOTE | |
| Formatted contents note | The Marconi International Fellowship (Page-3), First Flights (Page-15), Waves and Circuits (Page-25), The Beginnings of Satellite Communication (Page-53), Rockets And Warfare (Page-69), Amateur Astronomer (Page-83), Introduction to Astronautic (Page-117), Electronic and Space Flight (Page-157), The Space Elevator and Beyond (Page-183), Mathematical Recreations (Page-199), Beyond The Global Village (Page-199). |
| 650 #0 - SUBJECT ADDED ENTRY--TOPICAL TERM | |
| Topical term or geographic name entry element | Astronautics. |
| 9 (RLIN) | 83801 |
| 942 ## - ADDED ENTRY ELEMENTS (KOHA) | |
| Source of classification or shelving scheme | |
| Koha item type | Book |
| Withdrawn status | Lost status | Source of classification or shelving scheme | Damaged status | Not for loan | Permanent Location | Current Location | Shelving location | Date acquired | Full call number | Barcode | Date last seen | Price effective from | Koha item type | Public note |
|---|---|---|---|---|---|---|---|---|---|---|---|---|---|---|
| Military College of Signals (MCS) | Military College of Signals (MCS) | General Stacks | 12/12/2016 | 629.4,CLA | MCS22270 | 12/08/2016 | 12/12/2016 | Book | Almirah No.84, Shelf No.5 | |||||
| Military College of Signals (MCS) | Military College of Signals (MCS) | General Stacks | 12/12/2016 | 629.4,CLA | MCS6763 | 12/08/2016 | 12/12/2016 | Book | Almirah No.74, Shelf No.7 |
